| 000 | 00528nam a2200217Ia 4500 | ||
|---|---|---|---|
| 008 | 170918s9999 xx 000 0 und d | ||
| 020 | _a9780439686235 | ||
| 050 | _bM271 2004 | ||
| 100 | _aMand, Adrienne | ||
| 245 | _aFighting the odds : | ||
| 245 | _bone kid's battle to save his friend / | ||
| 245 | _cAdrienne Mand. | ||
| 260 | _aNew York : | ||
| 260 | _bScholastic, | ||
| 260 | _c2004 | ||
| 300 | _a26 pages : | ||
| 300 | _bcolored illustration ; | ||
| 300 | _c19cm. | ||
| 440 | _aRead 180. | ||
| 500 | _a610 | ||
| 999 |
_c341831 _d341831 |
||